MARC details
| 000 -CABECERA |
| campo de control de longitud fija |
01247nas a2200193 a 4500 |
| 005 - FECHA Y HORA DE LA ÚLTIMA TRANSACCIÓN |
| campo de control |
20251029085837.0 |
| 007 - CAMPO FIJO DE DESCRIPCIÓN FÍSICA--INFORMACIÓN GENERAL |
| campo de control de longitud fija |
ta |
| 008 - DATOS DE LONGITUD FIJA--INFORMACIÓN GENERAL |
| campo de control de longitud fija |
241007e2023 dr |||||r||||||0| ||spa d |
| 040 ## - FUENTE DE LA CATALOGACIÓN |
| Centro catalogador/agencia de origen |
DO-SdBNP |
| Centro/agencia transcriptor |
BNPHU |
| Normas de descripción |
rda |
| 110 ## - ENTRADA PRINCIPAL--NOMBRE DE ENTIDAD CORPORATIVA |
| Nombre de entidad corporativa o nombre de jurisdicción como elemento de entrada |
Instituto de Dominicanos y Dominicanas en el Exterior |
| 9 (RLIN) |
86673 |
| 245 ## - MENCIÓN DE TÍTULO |
| Título |
De Quisqueya para el Mundo / |
| Mención de responsabilidad, etc. |
Instituto de Dominicanos y Dominicanas en el Exterior. |
| 260 ## - PUBLICACIÓN, DISTRIBUCIÓN, ETC. |
| Lugar de publicación, distribución, etc. |
Santo Domingo, República Dominicana : |
| Nombre del editor, distribuidor, etc. |
Instituto de Dominicanos y Dominicanas en el Exterior, |
| Fecha de publicación, distribución, etc. |
2023. |
| 300 ## - DESCRIPCIÓN FÍSICA |
| Extensión |
volumen : |
| Otras características físicas |
ilustraciones, fotografías ; |
| Dimensiones |
28 cm. |
| 362 ## - FECHAS DE PUBLICACIÓN Y/O DESIGNACIÓN SECUENCIAL |
| Fecha de publicación y/o designación secuencial |
Año 1. No.1. (Jul-Dic 2023) |
| 500 ## - NOTA GENERAL |
| Nota general |
El Instituto de Dominicanos y Dominicanas en el Exterior, a través de la Dirección de Fomento de la Identidad Nacional lanza el primer número de la revista De Quisqueya para el Mundo es una revista dedicada a los dominicanos que viven en el extranjero, proporcionando contenido informativo y cultural que conecta a la diáspora con su identidad y herencia dominicana. |
| 500 ## - NOTA GENERAL |
| Nota general |
Donado: Instituto de Dominicanos y Dominicanas en el Exterior. |
| 650 #0 - PUNTO DE ACCESO ADICIONAL DE MATERIA--TÉRMINO DE MATERIA |
| Término de materia o nombre geográfico como elemento de entrada |
Identidad cultural dominicana |
| 9 (RLIN) |
81177 |
| Subdivisión de forma |
Publicaciones periódicas |
| 942 ## - ELEMENTOS DE PUNTO DE ACCESO ADICIONAL (KOHA) |
| Fuente del sistema de clasificación o colocación |
Dewey Decimal Classification |
| Tipo de ítem Koha |
Publicación periódica |
| Parte de la signatura que corresponde a la clasificación (Parte de la clasificación) |
Año 1. No.1. (Jul-Dic 2023) |